Psicología con aplicaciones a los países de habla hispana
Guardat en:
| Autor principal: | |
|---|---|
| Format: | Llibre |
| Idioma: | espanyol |
| Publicat: |
Ciudad de México
McGraw--Hill
1998
|
| Edició: | 2a. ed |
| Matèries: | |
| Etiquetes: |
Afegir etiqueta
Sense etiquetes, Sigues el primer a etiquetar aquest registre!
|
MARC
| LEADER | 00000nam a2200000 a 4500 | ||
|---|---|---|---|
| 001 | UCM0779 | ||
| 003 | CL-VaPUC | ||
| 008 | 020308e19980000MX |||||||||||||||||spa|d | ||
| 082 | 0 | 4 | |a 153 |b FEL |2 21 |
| 100 | 0 | |a Feldman, Robert S |e author |9 467753 | |
| 245 | 1 | 0 | |a Psicología con aplicaciones a los países de habla hispana |
| 250 | |a 2a. ed | ||
| 300 | |a 646 p | ||
| 942 | |c BK | ||
| 945 | |d 20020308 00:00:00 |a cmena | ||
| 260 | |a Ciudad de México |b McGraw--Hill |c 1998 | ||
| 650 | 0 | |a Procesos mentales superiores |9 330839 | |
| 650 | 0 | |a Inteligencia |9 267038 | |
| 650 | 0 | |a Memoria |9 266549 | |
| 650 | 0 | |a Aprendizaje |9 254827 | |
| 650 | 0 | |a Trastornos mentales |9 307475 | |
| 650 | 0 | |a Psicología aplicada |9 270762 | |
| 650 | 0 | |a Comportamiento |9 308406 | |
| 650 | 0 | |a Percepción |9 266750 | |
| 651 | 0 | |a América Latina |9 255027 | |
| 583 | |a last modification |c 20020308 00:00:00 |k Rodrigo Vera | ||
| 999 | |c 299603 |d 299601 | ||
| 952 | |0 0 |1 0 |4 0 |6 153_000000000000000_FEL_1998 |7 0 |8 A |9 356328 |a BIBEDU |b BIBEDU |d 2019-11-21 |i 3796388 |o 153 FEL 1998 |p 3796388 |r 2019-11-21 |w 2019-11-21 |y BK |k PSI | ||